000 01076nam a22003257a 4500
001 BR2010004496
003 BR-BrBNA
005 20230928103547.0
007 ta
008 230509b bl.||||| |||| 00| 0 por d
040 _aBR-BrBNA
_bpor
_cBiblioteca Nacional de Agricultura
041 _a(Eng, Por)
072 _aE14
090 _ E14 BR2010004496
100 1 _aSilva, L.C. da
100 1 _aVivaldi, L.J.
100 1 _aFerreira, M.
100 1 _aMatsumura, T.
100 1 _aCavalcanti, W.
110 1 _aEMBRAPA Cerrados, Planaltina, DF (Brasil)
245 1 _aEstudos ambientais no proceder 3- Balsas, MA: cooperação técnica entre a companhia de promoção agrícola e a Embrapa cerrados com aporte financeiro da Japan Internacional Cooperation Agency- Jica contrato nº 22300.99/070-6
_bRelatório Final 1995/2000
260 3 _aPlanaltina, DF (Brasil):
_c2000.
300 _a149 p.
650 _aLEPIDOPTERO
650 _aINSETO
650 _aBIODIVERSIDADE
650 _aANÁLISE DE DADOS
909 _a202309
_bLucia
_c55
_dLucia Elande
942 _cBK
999 _c75613
_d75613